<?xml version="1.0" encoding="UTF-8"?><?xml-stylesheet type="text/xsl" href="static/style.xsl"?><OAI-PMH xmlns="http://www.openarchives.org/OAI/2.0/" xmlns:xsi="http://www.w3.org/2001/XMLSchema-instance" xsi:schemaLocation="http://www.openarchives.org/OAI/2.0/ http://www.openarchives.org/OAI/2.0/OAI-PMH.xsd"><responseDate>2026-04-17T20:25:17Z</responseDate><request verb="GetRecord" identifier="oai:www.recercat.cat:20.500.12327/859" metadataPrefix="marc">https://recercat.cat/oai/request</request><GetRecord><record><header><identifier>oai:recercat.cat:20.500.12327/859</identifier><datestamp>2025-10-22T11:20:25Z</datestamp><setSpec>com_2072_4428</setSpec><setSpec>com_2072_4427</setSpec><setSpec>col_2072_487898</setSpec></header><metadata><record xmlns="http://www.loc.gov/MARC21/slim" xmlns:dcterms="http://purl.org/dc/terms/" xmlns:xsi="http://www.w3.org/2001/XMLSchema-instance" xmlns:doc="http://www.lyncode.com/xoai" xsi:schemaLocation="http://www.loc.gov/MARC21/slim http://www.loc.gov/standards/marcxml/schema/MARC21slim.xsd">
   <leader>00925njm 22002777a 4500</leader>
   <datafield ind2=" " ind1=" " tag="042">
      <subfield code="a">dc</subfield>
   </datafield>
   <datafield ind2=" " ind1=" " tag="720">
      <subfield code="a">Devant, Maria</subfield>
      <subfield code="e">author</subfield>
   </datafield>
   <datafield ind2=" " ind1=" " tag="720">
      <subfield code="a">Yu, Shukun</subfield>
      <subfield code="e">author</subfield>
   </datafield>
   <datafield ind2=" " ind1=" " tag="720">
      <subfield code="a">Genís, Sandra</subfield>
      <subfield code="e">author</subfield>
   </datafield>
   <datafield ind2=" " ind1=" " tag="720">
      <subfield code="a">Larsen, Torben</subfield>
      <subfield code="e">author</subfield>
   </datafield>
   <datafield ind2=" " ind1=" " tag="720">
      <subfield code="a">Wenting, Li</subfield>
      <subfield code="e">author</subfield>
   </datafield>
   <datafield ind2=" " ind1=" " tag="260">
      <subfield code="c">2020-06-23</subfield>
   </datafield>
   <datafield ind2=" " ind1=" " tag="520">
      <subfield code="a">The aim of this study was to evaluate the effect of two glucoamylases (GA) and the&#xd;
combination of one GA with a neutral protease on apparent total tract digestibility in beef bulls fed a&#xd;
total mixed ration (TMR) rich in rolled corn. Sixteen Angus beef bulls (266 ± 4.9 kg of initial BW,&#xd;
and 182 ± 1.7 d of age) were distributed in 4 blocks, each block consisted of 4 animals balanced by&#xd;
BW. The experimental design was a 4 × 4 Latin square (4 blocks and 4 periods, 2 w per period).&#xd;
Four treatments were tested; (1) control, (2) GA preparation from Trichoderma reesei (TrGA); (3) GA&#xd;
from Aspergillus fumigatus (AfuGA); (4) AfuGA in combination with a neutral protease from Bacillus&#xd;
amyloliquefaciens (BamPro). Apparent total tract digestibility and fecal D-lactate concentration were&#xd;
analyzed. Enzyme supplementation, regardless of enzyme type, increased apparent total tract&#xd;
digestibility of dry matter (from 66.7% to 73.1% ± 2.01), and starch (from 74.7% to 81.8% ± 2.25),&#xd;
without affecting feces D-lactate concentration. Irrespective of glucoamylase type, glucoamylase&#xd;
supplementation improved apparent digestibility of dry matter and starch, and the addition of a&#xd;
protease did not have additional benefits on nutrient digestibility</subfield>
   </datafield>
   <datafield ind1="8" ind2=" " tag="024">
      <subfield code="a">Devant, Maria, Shukun Yu, Sandra Genís, Torben Larsen, and Li Wenting. 2020. "Effects Of Exogenous Glucoamylase Enzymes Alone Or In Combination With A Neutral Protease On Apparent Total Tract Digestibility And Feces D-Lactate In Crossbred Angus Bulls Fed A Ration Rich In Rolled Corn". Animals 10 (6): 1077. doi:10.3390/ani10061077.</subfield>
   </datafield>
   <datafield ind1="8" ind2=" " tag="024">
      <subfield code="a">2076-2615</subfield>
   </datafield>
   <datafield ind1="8" ind2=" " tag="024">
      <subfield code="a">http://hdl.handle.net/20.500.12327/859</subfield>
   </datafield>
   <datafield ind1="8" ind2=" " tag="024">
      <subfield code="a">https://doi.org/10.3390/ani10061077</subfield>
   </datafield>
   <datafield ind2="0" ind1="0" tag="245">
      <subfield code="a">Effects of exogenous glucoamylase enzymes alone or in combination with a neutral protease on apparent total tract digestibility and feces D-Lactate in crossbred angus bulls fed a ration rich in rolled corn</subfield>
   </datafield>
</record></metadata></record></GetRecord></OAI-PMH>